000 00298nam a2200133Ia 4500
005 20251222155205.0
008 251222s9999||||xx |||||||||||||| ||spa||
082 _aREL.153
100 _aLOZANO BARRAGAN.
245 0 _aTeologĂ­a y medicina
250 _a1ra. ed.
264 _bVelar
942 _cLIB
999 _c40089
_d40089